| 000 | 00951nam a2200229Ii 4500 | ||
|---|---|---|---|
| 003 | JO-AjNU | ||
| 008 | 230605s9999||||xx |||||||||||||| ||und|| | ||
| 017 | _a2021/7/3765 | ||
| 020 | _a978-9923-35-069-0 | ||
| 040 |
_aJO-AjNU _bara _erda _cJO-AjNU |
||
| 041 | _aara | ||
| 050 | 1 | 4 | _aP302.2022 |
| 100 | 3 |
_aتأليف لافي، رباب محمد عبدالرحمن, _eauthor _962999 |
|
| 245 | 0 | 0 | _aالادبية في الخطاب النثري عند ابي حيان التوحيدي |
| 250 | _aالطبعة الاولى | ||
| 264 | 3 | 1 | _aعمان: دار الجبان للنشر التوزيع، 2022 |
| 300 |
_a300ص _bيحتوي على مراجع من ص283-300ص |
||
| 336 |
_atext _btxt _2rdacontent |
||
| 337 |
_aunmediated _bn _2rdamedia |
||
| 338 |
_avolume _bnc _2rdacarrier |
||
| 650 | 4 |
_aالنقد الادبي-التحليل الادبي-النثر العربي-الادباء-الادب العربي-العصر العباسي _963000 |
|
| 999 |
_aA28554 _c32122 _d32122 |
||